Δημόσιες Σχέσεις / Η Λειτουργία της Επικοινωνίας στη Σύγχρονη Επιχείρηση (Record no. 2713)
[ view plain ]
| 000 -LEADER | |
|---|---|
| fixed length control field | 02093cam a22002174a 4500 |
| 005 - ΗΜΕΡΟΜΗΝΙΑ ΚΑΙ ΩΡΑ ΤΕΛΕΥΤΑΙΑΣ ΕΝΗΜΕΡΩΣΗΣ | |
| Πεδίο ελέγχου | 20250605164051.0 |
| 008 - FIXED-LENGTH DATA ELEMENTS--GENERAL INFORMATION | |
| Πεδίο ελέγχου σταθερού μήκους | 250528s ||||||||||||||||||||||||d |
| 035 ## - SYSTEM CONTROL NUMBER | |
| System control number | 17285 |
| 020 ## - ISBN | |
| ISBN | 9608249066 |
| 040 ## - ΠΗΓΗ ΚΑΤΑΛΟΓΟΓΡΑΦΗΣΗΣ | |
| Φορέας πρωτότυπης καταλογογράφησης | MC Athens Campus Library |
| Γλώσσα καταλογογράφησης | Ελληνικά, Μοντέρνα (1453-) |
| Modifying agency | MC Athens Campus Library |
| Κανόνες περιγραφικής καταλογογράφησης | AACR2 |
| 245 1# - ΤΙΤΛΟΣ ΚΑΙ ΔΗΛΩΣΗ ΥΠΕΥΘΥΝΟΤΗΤΑΣ | |
| Τίτλος | Δημόσιες Σχέσεις / Η Λειτουργία της Επικοινωνίας στη Σύγχρονη Επιχείρηση |
| 250 ## - EDITION STATEMENT | |
| Edition statement | 2η |
| 260 ## - PUBLICATION, DISTRIBUTION, ETC. | |
| Name of publisher, distributor, etc. | Μπένου, |
| Date of publication, distribution, etc. | 2001 |
| 300 ## - PHYSICAL DESCRIPTION | |
| Extent | 286 |
| 505 0# - FORMATTED CONTENTS NOTE | |
| Formatted contents note | Έννοια και Περιεχόμενο των Δημοσίων Σχέσεων, Υποκείμενα και Αντικείμενα των Δημοσίων Σχέσεων, Οργάνωση της Λειτουργίας των Δημοσίων Σχέσεων, Μέσα Επικοινωνίας και Εκδηλώσεις Δημοσίων Σχέσεων, Ειδικά Θέματα Δημοσίων Σχέσεων, Η Έρευνα στο Σχεδιασμό των Δημοσίων Σχέσεων, Διαχείριση Κρίσεων, Ο Θεσμός της Χορηγία στις Δημόσιες Σχέσεις, Διαδίκτυο και Δημόσιες Σχέσεις, Ανάλυση Περιστατικών, Βιβλιογραφία. |
| 520 ## - SUMMARY, ETC. | |
| Summary, etc. | Έννοια και Περιεχόμενο των Δημοσίων Σχέσεων, Υποκείμενα και Αντικείμενα των Δημοσίων Σχέσεων, Οργάνωση της Λειτουργίας των Δημοσίων Σχέσεων, Μέσα Επικοινωνίας και Εκδηλώσεις Δημοσίων Σχέσεων, Ειδικά Θέματα Δημοσίων Σχέσεων, Η Έρευνα στο Σχεδιασμό των Δημοσίων Σχέσεων, Διαχείριση Κρίσεων, Ο Θεσμός της Χορηγία στις Δημόσιες Σχέσεις, Διαδίκτυο και Δημόσιες Σχέσεις, Ανάλυση Περιστατικών, Βιβλιογραφία. |
| 700 1# - ΠΡΟΣΘΕΤΗ ΑΝΑΓΡΑΦΗ--ΦΥΣΙΚΟ ΠΡΟΣΩΠΟ | |
| Personal name | Παπαλεξανδρή Νάνσυ |
| 9 (RLIN) | 1037 |
| 942 ## - ADDED ENTRY ELEMENTS (KOHA) | |
| Koha item type | Books |
| Τύπος τεκμηρίου | Βιβλιοθήκη | Τρέχουσα τοποθεσία | Barcode | Αριθμός εισαγωγής | Ημερομηνία απόκτησης | Ταξιθετικό σύμβολο | Αριθμός αντιτύπου | Κατάσταση απόσυρσης | Κατάσταση χαμένου | Κατάσταση κατεστραμμένου | Μη δανεισμός | Σύνολο δανεισμών | Ημερομηνία τελευταίας εμφάνισης | Η τιμή ισχύει από |
|---|---|---|---|---|---|---|---|---|---|---|---|---|---|---|
| Books | MC Athens Campus Library | MC Athens Campus Library | 9780000027122 | 952 | 05/06/2025 | 659.2 PAP | 1 | 05/06/2025 | 05/06/2025 |